000 00359nam a2200169Ia 4500
100 _aKay/David C
650 _aCalculus
942 _cBK
366 _f25
654 _atensor
245 _aTensor calculus: Schaums outline
260 _bTata McGraw Hil
_c1988
082 _a515.35
_bKAY
300 _a228
546 _aENGLISH
_cproduction
999 _c27598
_d27598